<?xml version="1.0" encoding="UTF-8"?>
<record
    xmlns:xsi="http://www.w3.org/2001/XMLSchema-instance"
    xsi:schemaLocation="http://www.loc.gov/MARC21/slim http://www.loc.gov/standards/marcxml/schema/MARC21slim.xsd"
    xmlns="http://www.loc.gov/MARC21/slim">

  <leader>06175nam a2200325 a 4500</leader>
  <controlfield tag="001">BRCA_5197</controlfield>
  <controlfield tag="005">20190320204959.0</controlfield>
  <controlfield tag="008">251110s1827----mx-######v---#000-0#spa-#</controlfield>
  <datafield tag="041" ind1=" " ind2=" ">
    <subfield code="a">spa</subfield>
  </datafield>
  <datafield tag="044" ind1=" " ind2=" ">
    <subfield code="a">mx</subfield>
  </datafield>
  <datafield tag="084" ind1=" " ind2=" ">
    <subfield code="a">DOC145</subfield>
    <subfield code="b">.R85</subfield>
    <subfield code="c">1827</subfield>
  </datafield>
  <datafield tag="100" ind1="1" ind2=" ">
    <subfield code="a">Ru&#xED;z, Jos&#xE9; Mar&#xED;a</subfield>
    <subfield code="c">Secular</subfield>
    <subfield code="9">13307</subfield>
  </datafield>
  <datafield tag="245" ind1="1" ind2="0">
    <subfield code="a">Documento expedido a Jos&#xE9; Mar&#xED;a Ru&#xED;z por el Tribunal de Fe del Obispado de Puebla</subfield>
    <subfield code="c">Jos&#xE9; Mar&#xED;a Ru&#xED;z.</subfield>
  </datafield>
  <datafield tag="260" ind1=" " ind2=" ">
    <subfield code="a">M&#xE9;xico</subfield>
    <subfield code="c">1827</subfield>
  </datafield>
  <datafield tag="300" ind1=" " ind2=" ">
    <subfield code="a">[77] fojas</subfield>
    <subfield code="c">33 x 23 cm</subfield>
  </datafield>
  <datafield tag="500" ind1=" " ind2=" ">
    <subfield code="a">Documento firmado el 13 de febrero por Jos&#xE9; Mar&#xED;a Ru&#xED;z</subfield>
  </datafield>
  <datafield tag="500" ind1=" " ind2=" ">
    <subfield code="a">Espont&#xE1;nea de Don Jos&#xE9; Mar&#xED;a Ru&#xED;z por haber simulado la celebraci&#xF3;n del Santo Oficio de la Misa siendo secular. Tribunal de Fe del Obispado de Puebla</subfield>
  </datafield>
  <datafield tag="500" ind1=" " ind2=" ">
    <subfield code="a">El documento contiene leyenda DOC. #314</subfield>
  </datafield>
  <datafield tag="500" ind1=" " ind2=" ">
    <subfield code="a">Papel con marca de agua</subfield>
  </datafield>
  <datafield tag="500" ind1=" " ind2=" ">
    <subfield code="a">En papel sellado con inscripci&#xF3;n que dice: ESTADO DE PUEBLA. SELLO CUARTO. UNA CUARTILLA. PARA LOS A&#xD1;OS DE MIL OCHOCIENTOS VEINTE Y SEIS Y OCHOCIENTOS VEINTE Y SIETE</subfield>
  </datafield>
  <datafield tag="500" ind1=" " ind2=" ">
    <subfield code="a">En papel sello nacional e inscripci&#xF3;n que dice: UNA CUARTILLA. SELLO CUARTO. HABILITADO POR EL ESTADO DE MICHOACAN. PARA EL BIENIO DE MIL OCHOCIENTOS VEINTE Y CINCO Y OCHOCIENTOS VEINTE Y SEIS. Convento de Valladolid. 2 de agosto de 1825</subfield>
  </datafield>
  <datafield tag="500" ind1=" " ind2=" ">
    <subfield code="a">Estado de conservaci&#xF3;n: contiene acidificaci&#xF3;n y da&#xF1;ado los m&#xE1;rgenes</subfield>
  </datafield>
  <datafield tag="505" ind1="0" ind2=" ">
    <subfield code="a">Contenido: Don Jos&#xE9; Mar&#xED;a Ru&#xED;z, se dirige al Tribunal de Fe, explicando que despu&#xE9;s de radicar en Puebla se fue a M&#xE9;xico a donde hizo sotana y manteo, dijo 5 misas en: San Mart&#xED;n Texmelucan, Convento de San Roque, Curato de Coscatl&#xE1;n y 2 en San Juan Tecamaboca. Firma Ru&#xED;z. -- Puebla de los Angeles 7 de febrero de 1827. Ratificaci&#xF3;n de la declaraci&#xF3;n del reo ante el Lic. Don Francisco Jos&#xE9; Pav&#xF3;n, Juez del Tribunal de Fe. -- Cargos concretos del Promotor Fiscal Don Jos&#xE9; Ma. Ru&#xED;z como faltas graves a la Iglesia. Firma Don Jos&#xE9; Mariano de Nava y Mora. -- Convento de Valladolid. 2 de agosto de 1825. Don Jos&#xE9; Ignacio Ma. Ru&#xED;z Caballero, certifica la estancia de Jos&#xE9; Ma. Ram&#xF3;n Ru&#xED;z en el mismo convento. -- Puebla de los &#xC1;ngeles, 14 de febrero de 1827. Interrogatorio a Jos&#xE9; Ma. Ram&#xF3;n Ru&#xED;z sobre si hab&#xED;a impartido los sacramentos. El promotor Fiscal opina que es suficiente las pruebas que ex&#xED;sten para juzgarlo como sospechoso de hereg&#xED;a y pide se le manden pedir informes al Convento de San Juan de Dios donde estuvo el acusado. Firma Don Jos&#xE9; Mariano de Nava y Mota. -- Puebla de los &#xC1;ngeles febrero 19 de 1827. Se notifica a Jos&#xE9; Ma. Ru&#xED;z que no se puede salir de la ciudad mientras dure la diligencia. -- Puebla de los &#xC1;ngeles febrero 17 de 1827. Lista de los conventos de N. P. S. Juan de Dios, existentes en la rep&#xFA;blica y el nombre de los Prelados Directivos. Firma Fr. Ignacio Quintana. -- Convento de San Diego M&#xE9;xico febrero 20 de 1827. Constancia de la estancia de Jos&#xE9; Ma. Ru&#xED;z en el mismo como sacrist&#xE1;n. -- Convento de San Diego de M&#xE9;xico. 21 de febrero de 1827. Carta de Fr. Jos&#xE9; Nisieses al Sor. Provisor Lic. Don Francisco Jos&#xE9; Pav&#xF3;n, comunic&#xE1;ndole que se d&#xE1; la informaci&#xF3;n conocida acerca de su petici&#xF3;n. -- Puebla de los &#xC1;ngeles 14 de marzo de 1827. El promotor fiscal pide en virtud de no existir ya los conventos de San Juan de Dios ni en Quer&#xE9;taro ni en Celaya, que se declaren los sacristianes que lo han visto oficiar. Lo aprueba el Provisor y Vicario General del Obispado. -- Puebla de los &#xC1;ngeles 17 de marzo de 1827. Don Jos&#xE9; Ma. Ru&#xED;z, declara que conocen bien los Presb&#xED;teros Felipe Ochoa, Manuel Ochoa e Ignacio Basurto, Firma Ru&#xED;z. -- Puebla de los &#xC1;ngeles, 20 de marzo de 1827. Se manda avisar al Promotor Vicario General de M&#xE9;xico, Don Jos&#xE9; Ma. Bucheli, para que designe a la persona que guste y recida en Quer&#xE9;taro para tomar las declaraciones a los Presb&#xED;teros. -- M&#xE9;xico 27 de marzo de 1827. Bucheli contesta design&#xE1;ndo al Juez de Quer&#xE9;taro para tal comisi&#xF3;n. -- Quer&#xE9;taro, 3 de abril de 1827. Declaraci&#xF3;n del 1er testigo, Presb&#xED;tero Don Felipe Ochoa. -- Quer&#xE9;taro, 3 de abril de 1827. Declaraci&#xF3;n del 2do presb&#xED;tero Don Manuel Ochoa. -- Quer&#xE9;taro, 23 de abril de 1827. Declaraci&#xF3;n del 3er testigo Don Ignacio Basurto. -- Puebla de los &#xC1;ngeles, 12 de mayo de 1827. Por petici&#xF3;n del se&#xF1;or Promotor fiscal, nueva confesi&#xF3;n del reo. firma Jos&#xE9; Ma. Ru&#xED;z. -- Puebla de los &#xC1;ngeles, 16 de mayo de 1827. El Promotor fiscal Jos&#xE9; Mariano Nava y Mota, hace cargo a Jos&#xE9; Ma. Ru&#xED;z de haber dicho misa y recibir dinero del Padre Santiesteban. -- Puebla de los &#xC1;ngeles, 22 de mayo de 1827. Declaraci&#xF3;n del Preb&#xED;stero Santiesteban. -- Puebla de los &#xC1;ngeles, 20 de mayo de 1827. Declaraci&#xF3;n de Don Francisco Romero, Administrador del Mes&#xF3;n de Santa Teresa. -- Puebla de los &#xC1;ngeles, 8 de junio de 1827. -- Se nombra Juez defensor al Lic. Tom&#xE1;s Garc&#xE9;s. -- Puebla de los &#xC1;ngeles, 3 de agosto de 1827. Notificaci&#xF3;n de lo mismo a Lic. Don Tom&#xE1;s Garc&#xE9;s. Puebla de los &#xC1;ngeles, 11 de abril de 1828. Notificaci&#xF3;n al Lic. Garc&#xE9;s para que se presente inmediatamente a hacer la defensa del acusado. -- M&#xE9;xico 6 de mayo de 1829. Comunicaci&#xF3;n de Jos&#xE9; Mar&#xED;a Ru&#xED;z a su abogado defensor Lic. Garc&#xE9;s exponi&#xE9;ndole como est&#xE1; su caso. -- M&#xE9;xico marzo 9 de 1829. Jos&#xE9; Mar&#xED;a Ru&#xED;z, preso escribe a Bucheli, pidi&#xE9;ndole licencia para salir y poderse defender. Contestaci&#xF3;n, declaraci&#xF3;n del reo. Respuesta fiscal. Traslado de la c&#xE1;rcel a la Colegiata Nacional de Jos&#xE9; Mar&#xED;a Ru&#xED;z. Don Agust&#xED;n P&#xE9;rez Lebrija, Juez de Letras, d&#xE1; a conocer la causa instru&#xED;da contra Jos&#xE9; Mar&#xED;a Ru&#xED;z. -- Certificado de padecimiento de demencia de Don Jos&#xE9; Mar&#xED;a Ru&#xED;z por lo que se pone en libertad. Firman los facultativos de la c&#xE1;rcel Nacional de Don Francisco Mariano D&#xE1;vila y Don Jos&#xE9; Mar&#xED;a Maldonado. M&#xE9;xico 11 de septiembre de 1829</subfield>
  </datafield>
  <datafield tag="506" ind1="0" ind2=" ">
    <subfield code="a">Fondo reservado: para su consulta es necesario credencial de usuario y carta de motivos</subfield>
  </datafield>
  <datafield tag="600" ind1="1" ind2="4">
    <subfield code="a">Ru&#xED;z, Jos&#xE9; Mar&#xED;a</subfield>
    <subfield code="c">Secular</subfield>
    <subfield code="9">13307</subfield>
  </datafield>
  <datafield tag="650" ind1="1" ind2="4">
    <subfield code="a">Documentos legales</subfield>
    <subfield code="v">Impreso con r&#xFA;bricas</subfield>
    <subfield code="x">Historia</subfield>
    <subfield code="y">Federalismo y centralismo, 1824-1853</subfield>
    <subfield code="z">M&#xE9;xico</subfield>
    <subfield code="9">13308</subfield>
  </datafield>
  <datafield tag="700" ind1="1" ind2=" ">
    <subfield code="a">Nava y Mora, Jos&#xE9; Mariana de</subfield>
    <subfield code="9">13309</subfield>
  </datafield>
  <datafield tag="902" ind1=" " ind2=" ">
    <subfield code="a">FDH</subfield>
  </datafield>
  <datafield tag="942" ind1=" " ind2=" ">
    <subfield code="2">lcc</subfield>
    <subfield code="c">D</subfield>
  </datafield>
  <datafield tag="999" ind1=" " ind2=" ">
    <subfield code="c">4891</subfield>
    <subfield code="d">4891</subfield>
  </datafield>
  <datafield tag="952" ind1=" " ind2=" ">
    <subfield code="0">0</subfield>
    <subfield code="1">0</subfield>
    <subfield code="4">0</subfield>
    <subfield code="7">0</subfield>
    <subfield code="a">BRCA</subfield>
    <subfield code="b">BRCA</subfield>
    <subfield code="d">2010-11-25</subfield>
    <subfield code="l">0</subfield>
    <subfield code="o">DOC145 .R85 1827</subfield>
    <subfield code="p">5632</subfield>
    <subfield code="r">2019-03-22 00:00:00</subfield>
    <subfield code="w">2019-03-22</subfield>
    <subfield code="y">D</subfield>
  </datafield>
</record>
